000 00322nam a2200133 i 4500
001 bg
100 1 _aSLIWINSKAJA, A. G.
245 0 _aElektromagnity i postojannye magnity /
_cA.G. Sliwinskaja.
260 _aMoskwa,
_c1972.
040 _cBPK
041 _apol
942 _cKS
008 s pl f |000 0 pol
999 _c15073
_d15073
856 _uhttp://koha.tu.koszalin.pl/cgi-bin/koha/opac-detail.pl?biblionumber=15073
_yKatalog online BPK